Algebra y Trigonometria

Wedi'i Gadw mewn:
Manylion Llyfryddiaeth
Prif Awdur: Vance, Elbridge P (Awdur)
Fformat: Llyfr
Iaith:Sbaeneg
Cyhoeddwyd: Santiago Addison-Wesley Iberoamericana 1986
Rhifyn:1a. ed
Pynciau:
Tagiau: Ychwanegu Tag
Dim Tagiau, Byddwch y cyntaf i dagio'r cofnod hwn!

MARC

LEADER 00000nam a2200000 a 4500
001 UCH4266
003 CL-VaPUC
008 090818e19860000CL |||||||||||||||||spa|d
020 |a 0201080435 
082 0 4 |a 512.13  |b VAN  |2 21 
100 0 |a Vance, Elbridge P  |e author  |9 539733 
245 1 0 |a Algebra y Trigonometria 
250 |a 1a. ed 
300 |a 462 p 
942 |c BK 
945 |d 20090818 00:00:00  |a ccalabra 
260 |a Santiago  |b Addison-Wesley Iberoamericana  |c 1986 
650 0 |a Matemática  |9 260235 
650 7 |a EJERCICIOS MATEMATICOS  |2 CL-VaPUC  |9 459962 
650 0 |a Geometría   |9 264063 
650 0 |a Logaritmos  |9 260266 
650 0 |a Polinomios  |9 270626 
650 0 |a Matrices   |9 22 
583 |a last modification  |c 20090818 00:00:00  |k Rodrigo Vera 
999 |c 335600  |d 335598